Применение энергоэффективного привода станков-качалок; Науковедение; № 5 (18)
| Parent link: | Науковедение: интернет-журнал/ Институт государственного управления, права и инновационных технологий (ИГУПИТ).— , 2009- № 5 (18).— 2013.— [7 с.] |
|---|---|
| Glavni avtor: | |
| Korporativna značnica: | |
| Drugi avtorji: | |
| Izvleček: | Заглавие с экрана Обосновано предложение по замене асинхронных двигателей приводовШГНУ на синхронные двигатели с регулированием возбуждения (регулированиемкоэффициента мощности) для повышения энергоэффективности привода станков-качалок.Приведен пример расчета потерь электроэнергии в системе электроснабжения станков-качалок, доказывающий эффективность данного мероприятия. The proposal of changingtheasynchronous motor of drives of sucker-rod pumps(SRP) on synchronous motors with the regulation of excitation (power factor control) to increase theenergy efficiency of pumping units drives justified. An example of calculation of energy losses in thepower supply system of pumping units, proving the effectiveness of this event. Режим доступа: по договору с организацией-держателем ресурса |
| Jezik: | ruščina |
| Izdano: |
2013
|
| Teme: | |
| Online dostop: | http://elibrary.ru/item.asp?id=21275605 http://naukovedenie.ru/PDF/103tvn513.pdf |
| Format: | Elektronski Book Chapter |
| KOHA link: | https://koha.lib.tpu.ru/cgi-bin/koha/opac-detail.pl?biblionumber=644687 |
MARC
| LEADER | 00000nla0a2200000 4500 | ||
|---|---|---|---|
| 001 | 644687 | ||
| 005 | 20250317143228.0 | ||
| 035 | |a (RuTPU)RU\TPU\network\9771 | ||
| 090 | |a 644687 | ||
| 100 | |a 20151126d2013 k||y0rusy50 ca | ||
| 101 | 0 | |a rus | |
| 102 | |a RU | ||
| 135 | |a drcn ---uucaa | ||
| 181 | 0 | |a i | |
| 182 | 0 | |a b | |
| 200 | 1 | |a Применение энергоэффективного привода станков-качалок |d Use of energy efficient drive for pumping units |f Е. П. Богданов, С. В. Рикконен | |
| 203 | |a Текст |c электронный | ||
| 300 | |a Заглавие с экрана | ||
| 320 | |a [Библиогр.: 3 назв.] | ||
| 330 | |a Обосновано предложение по замене асинхронных двигателей приводовШГНУ на синхронные двигатели с регулированием возбуждения (регулированиемкоэффициента мощности) для повышения энергоэффективности привода станков-качалок.Приведен пример расчета потерь электроэнергии в системе электроснабжения станков-качалок, доказывающий эффективность данного мероприятия. | ||
| 330 | |a The proposal of changingtheasynchronous motor of drives of sucker-rod pumps(SRP) on synchronous motors with the regulation of excitation (power factor control) to increase theenergy efficiency of pumping units drives justified. An example of calculation of energy losses in thepower supply system of pumping units, proving the effectiveness of this event. | ||
| 333 | |a Режим доступа: по договору с организацией-держателем ресурса | ||
| 461 | |t Науковедение |o интернет-журнал |f Институт государственного управления, права и инновационных технологий (ИГУПИТ) |d 2009- | ||
| 463 | |t № 5 (18) |v [7 с.] |d 2013 | ||
| 510 | 1 | |a Use of energy efficient drive for pumping units |z eng | |
| 610 | 1 | |a электронный ресурс | |
| 610 | 1 | |a труды учёных ТПУ | |
| 610 | 1 | |a электродвигатели | |
| 610 | 1 | |a энергия | |
| 610 | 1 | |a станки-качалки | |
| 610 | 1 | |a потери | |
| 610 | 1 | |a ток | |
| 610 | 1 | |a мощность | |
| 700 | 1 | |a Богданов |b Е. П. |c специалист в области электротехники |c доцент Томского политехнического университета, кандидат технических наук |f 1960- |g Евгений Петрович |3 (RuTPU)RU\TPU\pers\26027 |9 11874 | |
| 701 | 1 | |a Рикконен |b С. В. |g Сергей Владимирович | |
| 712 | 0 | 2 | |a Национальный исследовательский Томский политехнический университет (ТПУ) |b Энергетический институт (ЭНИН) |b Кафедра электротехнических комплексов и материалов (ЭКМ) |3 (RuTPU)RU\TPU\col\20031 |
| 801 | 2 | |a RU |b 63413507 |c 20151126 |g RCR | |
| 856 | 4 | |u http://elibrary.ru/item.asp?id=21275605 | |
| 856 | 4 | |u http://naukovedenie.ru/PDF/103tvn513.pdf | |
| 942 | |c CF | ||